000 01586nam a22005777a 4500
001 BR2012002575
003 BR-BrBNA
005 20230928103941.0
007 ta
008 230509b bl.||||| |||| 00| 0 por d
040 _aBR-BrBNA
_bpor
_cBiblioteca Nacional de Agricultura
041 _a(Por)
072 _aF01
_b0120
090 _ 0120 BR2012002575
100 1 _aCruz, J.C. (ed.)
100 1 _aMagalhães, P.C. (ed.)
100 1 _aPereira Filho, I.A. (ed.)
100 1 _aMoreira, J.A.A. (ed.)
110 1 _aEMBRAPA Informação Tecnológica, Brasília, DF (Brasil)
245 1 _aMilho: o produtor pergunta, a Embrapa responde
_bColeção 500 Perguntas, 500 Respostas
250 1 _a1.ed.
260 3 _aBrasília, DF (Brasil):
_c2011.
300 _a338 p.
500 _a11 ref.; 79 illus.; 18 tables
650 _aMILHO
650 _aZEA MAYS
650 _aCEREAL
650 _aCLIMA
650 _aÉPOCA DE PLANTIO
650 _aZONEAMENTO AGRÍCOLA
650 _aFISIOLOGIA VEGETAL
650 _aMECANIZAÇÃO
650 _aIRRIGAÇÃO
650 _aMANEJO DO SOLO
650 _aEXIGÊNCIA NUTRICIONAL
650 _aADUBAÇÃO
650 _aVARIEDADE
650 _aCONTROLE INTEGRADO
650 _aCONTROLE BIOLÓGICO
650 _aARMAZENAMENTO
650 _aSECAGEM
650 _aAERAÇÃO
650 _aSAFRINHA
650 _aECONOMIA AGRÍCOLA
650 _aSILAGEM
650 _aNUTRIÇÃO ANIMAL
650 _aNUTRIÇÃO HUMANA
650 _aINTEGRAÇÃO
909 _a202309
_bLucia
_c55
_dLucia Elande
942 _cBK
999 _c77387
_d77387